Southville International School and Colleges
Your cart is empty.
  • Cart
  • Lists
    Public lists Eva Luna New books Lux_list list_1
    Your lists Log in to create your own lists
  • Log in to your account
  • Your cookies
  • Search history
Southville International School and Colleges
  • Advanced search
  • Recent comments
  • Most popular
  • Libraries

Log in to your account

Log in with GOOGLE


If you do not have an external account, but do have a local account, you can still log in:

  1. Home
  2. MARC view: Jesus, hollywood and me /
Normal view MARC view ISBD view

Jesus, hollywood and me / (Record no. 9981)

[ view plain ]
MARC details
000 -LEADER
fixed length control field 00540nam a22001937a 4500
003 - CONTROL NUMBER IDENTIFIER
control field OSt
005 - DATE AND TIME OF LATEST TRANSACTION
control field 20140310182149.0
008 - FIXED-LENGTH DATA ELEMENTS--GENERAL INFORMATION
fixed length control field 130830t xxu||||| |||| 00| 0 eng d
050 ## - LIBRARY OF CONGRESS CALL NUMBER
Classification number B 1996
Item number .K19 1995
082 ## - DEWEY DECIMAL CLASSIFICATION NUMBER
Classification number HS 780.92
Item number K15 1995
100 ## - MAIN ENTRY--PERSONAL NAME
Personal name Kasha, Al
9 (RLIN) 15670
245 ## - TITLE STATEMENT
Title Jesus, hollywood and me /
Statement of responsibility, etc Al Kasha and Joel Hirschhorn.
300 ## - PHYSICAL DESCRIPTION
Extent 222 p. ;
Dimensions 20 cm.
650 ## - SUBJECT ADDED ENTRY--TOPICAL TERM
Topical term or geographic name as entry element Composers
General subdivision Biography
9 (RLIN) 15671
650 ## - SUBJECT ADDED ENTRY--TOPICAL TERM
Topical term or geographic name as entry element Agoraphobia (Inspiring story)
9 (RLIN) 15672
700 ## - ADDED ENTRY--PERSONAL NAME
Personal name Hirschhorn, Joel
9 (RLIN) 15673
942 ## - ADDED ENTRY ELEMENTS (KOHA)
Source of classification or shelving scheme Library of Congress Classification
Holdings
Withdrawn status Lost status Source of classification or shelving scheme Damaged status Home library Current library Shelving location Date acquired Total Checkouts Full call number Barcode Date last seen Copy number Price effective from Koha item type
    Library of Congress Classification   Luxembourg Library Luxembourg Library High School Section 08/30/2013   B 1996 .K19 1995 4768 06/13/2017 1 08/30/2013 Books

Jesus, hollywood and me /

APA

Kasha A., Hirschhorn J., .Jesus, hollywood and me. : .

Chicago

Kasha Al, Hirschhorn Joel, .Jesus, hollywood and me. : .

Harvard

Kasha A., Hirschhorn J., .Jesus, hollywood and me. : .

MLA

Kasha Al, Hirschhorn Joel, .: . .

  • Place hold
  • Print
  • Cite
  • Add to your cart (remove)
  • Save record
    BIBTEX Dublin Core MARCXML MARC (non-Unicode/MARC-8) MARC (Unicode/UTF-8) MARC (Unicode/UTF-8, Standard) MODS (XML) RIS
  • More searches
    Search for this title in:
    Other Libraries (WorldCat) Other Databases (Google Scholar) Online Stores (Bookfinder.com) Open Library (openlibrary.org)

Exporting to Dublin Core...

SOUTHVILLE LIBRARY

Southville International School and Colleges Library

1281 Tropical Ave. Cor. Luxembourg St., BF Homes International, Las Pinas City

Tel. No. 8256374 / 252358 Loc. 117/146

Powered by Koha